| 000 | 00408nam a22000977a 4500 | ||
|---|---|---|---|
| 008 | 170211b xxu||||| |||| 00| 0 eng d | ||
| 100 | _aLowe, Robson | ||
| 245 | _aMasterpieces of engraving on postage stamps 1840-1940 | ||
| 260 |
_aLondon _bThe Postal History Society _c1943 |
||
| 650 | _aProduction | Engraving | 1840-1940 | Artists and Designers | Great Britain | France | Europe | Netherlands | Engravers | Printers | ||
| 999 |
_c2248 _d2248 |
||